[Event "Botvinnik Memorial Senior"]
[White "Portisch, Lajos"]
[Black "Bykhovsky, Anatoly A"]
[Site "Suzdal"]
[Round "9"]
[Result "1/2-1/2"]
[Date "2011.08.18"]
[WhiteElo "2523"]
[BlackElo "2354"]
[PlyCount "51"]
[EventDate "2011.08.15"]
[EventType "tourn"]
[EventRounds "9"]
[EventCountry "RUS"]
[EventCategory "8"]
[SourceTitle "CBM 143 Extra"]
[Source "ChessBase"]
[SourceDate "2011.08.29"]
[SourceVersion "1"]
[SourceVersionDate "2011.08.29"]
[SourceQuality "1"]

1. d4 d5 2. c4 e6 3. Nf3 Nf6 4. Nc3 Be7 5. Bg5 0-0 6. e3 h6 7. Bh4 Ne4 8. Bxe7 Qxe7 9. Rc1 c6 10. Be2 Nd7 11. 0-0 Nxc3 12. Rxc3 dxc4 13. Bxc4 e5 14. Bb3 exd4 15. exd4 Qd6 16. Re1 Nf6 17. Ne5 Nd5 18. Rg3 Be6 19. Qd2 Kh8 20. Bc2 Qb4 21. Qd1 Rad8 22. a3 Qd6 23. Nd3 Nf6 24. Nc5 Bc8 25. h3 b6 26. Nb3 1/2-1/2

[Event "Botvinnik Memorial Senior"]
[White "Bykhovsky, Anatoly A"]
[Black "Kortschnoj, Viktor Lvovich"]
[Site "Suzdal"]
[Round "3"]
[Result "0-1"]
[Date "2011.08.15"]
[WhiteElo "2354"]
[BlackElo "2553"]
[PlyCount "104"]
[EventDate "2011.08.15"]
[EventType "tourn"]
[EventRounds "9"]
[EventCountry "RUS"]
[EventCategory "8"]
[SourceTitle "CBM 143 Extra"]
[Source "ChessBase"]
[SourceDate "2011.08.29"]
[SourceVersion "1"]
[SourceVersionDate "2011.08.29"]
[SourceQuality "1"]

1. e4 e5 2. Nf3 Nc6 3. Nc3 Nf6 4. d4 exd4 5. Nxd4 Bb4 6. Nxc6 bxc6 7. Bd3 d5 8. exd5 cxd5 9. 0-0 0-0 10. Bg5 c6 11. Ne2 Bd6 12. Nd4 c5 13. Nf5 c4 14. Nxd6 cxd3 15. Nxc8 dxc2 16. Qxc2 Rxc8 17. Qf5 Rc6 18. Rfd1 Qb6 19. b3 d4 20. Qd3 Rd8 21. Rac1 Rxc1 22. Bxc1 Ng4 23. Bb2 Qd6 24. Qg3 Qxg3 25. hxg3 d3 26. f3 Ne3 27. Rd2 f6 28. g4 Kf7 29. Kf2 Nc2 30. f4 g6 31. f5 gxf5 32. gxf5 Rd5 33. Kf3 Rxf5+ 34. Ke4 Rg5 35. Kxd3 Ne1+ 36. Ke4 Rxg2 37. Rxg2 Nxg2 38. Bd4 a6 39. a4 Ke6 40. b4 f5+ 41. Kf3 Nh4+ 42. Kg3 Ng6 43. b5 axb5 44. axb5 Kd5 45. b6 Kc6 46. Bf2 Ne5 47. Bd4 Ng6 48. Bf2 Kb7 49. Bd4 h5 50. Bf2 Kc6 51. Kf3 h4 52. Be3 h3 0-1

[Event "Hoogeveen Essent op"]
[White "Kuipers, Stefan"]
[Black "Bykhovsky, Anatoly A"]
[Site "Hoogeveen"]
[Round "6"]
[Result "1-0"]
[Date "2008.10.22"]
[WhiteElo "2292"]
[BlackElo "2364"]
[PlyCount "41"]
[EventDate "2008.10.17"]
[EventType "swiss"]
[EventRounds "9"]
[EventCountry "NED"]
[SourceTitle "CBM 126 Extra"]
[Source "ChessBase"]
[SourceDate "2008.11.05"]
[SourceVersion "1"]
[SourceVersionDate "2008.11.05"]
[SourceQuality "1"]

1. e4 e5 2. Nf3 Nc6 3. Bb5 a6 4. Ba4 Nf6 5. 0-0 Be7 6. Re1 b5 7. Bb3 d6 8. c3 0-0 9. h3 Nd7 10. d4 Bf6 11. a4 Bb7 12. Na3 Re8 13. d5 Na7 14. Be3 Nc5 15. Bc2 Nxa4 16. Bxa4 bxa4 17. Qxa4 c5 18. b4 cxb4 19. Qxb4 Qc7 20. Bxa7 Rxa7 21. Nb5 1-0

[Event "Hoogeveen Essent op"]
[White "Nijboer, Friso"]
[Black "Bykhovsky, Anatoly A"]
[Site "Hoogeveen"]
[Round "2"]
[Result "1-0"]
[Date "2008.10.18"]
[WhiteElo "2540"]
[BlackElo "2364"]
[PlyCount "67"]
[EventDate "2008.10.17"]
[EventType "swiss"]
[EventRounds "9"]
[EventCountry "NED"]
[SourceTitle "CBM 126 Extra"]
[Source "ChessBase"]
[SourceDate "2008.11.05"]
[SourceVersion "1"]
[SourceVersionDate "2008.11.05"]
[SourceQuality "1"]

1. e4 e5 2. Nf3 Nc6 3. Bb5 a6 4. Ba4 Nf6 5. 0-0 Be7 6. Re1 b5 7. Bb3 d6 8. c3 0-0 9. h3 Na5 10. Bc2 c5 11. d4 Nd7 12. d5 Nb6 13. Nbd2 f5 14. exf5 Bxf5 15. Bxf5 Rxf5 16. Ne4 Qd7 17. b3 Raf8 18. Nh2 Nb7 19. Be3 Bd8 20. Nf1 R5f7 21. Nfg3 Bh4 22. Re2 Bxg3 23. Nxg3 Rf6 24. Rd2 Rg6 25. Qe2 Nd8 26. a4 Qf7 27. axb5 axb5 28. Qd1 Qb7 29. Ra5 Na8 30. b4 c4 31. Qa1 Nc7 32. Ra7 Qb8 33. Qa5 Rf7 34. Bb6 1-0

[Event "Hoogeveen Essent op"]
[White "Bykhovsky, Anatoly A"]
[Black "Haitsma, Anne"]
[Site "Hoogeveen"]
[Round "1"]
[Result "1-0"]
[Date "2008.10.17"]
[WhiteElo "2364"]
[BlackElo "2107"]
[PlyCount "71"]
[EventDate "2008.10.17"]
[EventType "swiss"]
[EventRounds "9"]
[EventCountry "NED"]
[SourceTitle "CBM 126 Extra"]
[Source "ChessBase"]
[SourceDate "2008.11.05"]
[SourceVersion "1"]
[SourceVersionDate "2008.11.05"]
[SourceQuality "1"]

1. e4 e5 2. Nf3 Nc6 3. d4 exd4 4. Nxd4 Nf6 5. Nc3 Bb4 6. Nxc6 bxc6 7. Bd3 d5 8. exd5 cxd5 9. 0-0 0-0 10. Bg5 Be6 11. Qf3 Be7 12. h3 h6 13. Bh4 c5 14. Rad1 Rb8 15. b3 Rb4 16. Bc4 g5 17. Bg3 d4 18. Bxe6 fxe6 19. Rfe1 Qc8 20. Ne4 Rf7 21. Qe2 Rb6 22. Be5 Nd7 23. Nd2 Bf6 24. Bg3 Rc6 25. Nc4 Qa6 26. Qe4 Kg7 27. Rd3 Re7 28. h4 Rc8 29. h5 Nf8 30. Be5 Bxe5 31. Qxe5+ Kg8 32. a4 Rcc7 33. Rf3 Rf7 34. Rxf7 Rxf7 35. Qxc5 Rf4 36. g3 1-0

[Event "Champions Challenge 134th"]
[White "Bykhovsky, Anatoly A"]
[Black "Bryzgalin, Kirill"]
[Site "Playchess.com INT"]
[Round "2.2"]
[Result "0-1"]
[Date "2006.02.18"]
[WhiteElo "2374"]
[BlackElo "2474"]
[PlyCount "80"]
[EventDate "2006.02.18"]
[EventType "k.o. (blitz)"]
[EventRounds "5"]
[EventCountry "GER"]
[SourceTitle "EXT 2007"]
[Source "ChessBase"]
[SourceDate "2006.11.23"]
[SourceVersion "1"]
[SourceVersionDate "2006.11.23"]
[SourceQuality "1"]

1. d4 d5 2. Nf3 Nf6 3. c4 c6 4. Nc3 dxc4 5. a4 Bf5 6. e3 e6 7. Bxc4 a5 8. 0-0 Nbd7 9. Qe2 Bb4 10. e4 Bg4 11. h3 Bh5 12. Bf4 0-0 13. Rfd1 Bg6 14. Bd3 Qe7 15. Rac1 Rfe8 16. e5 Nd5 17. Nxd5 exd5 18. Bxg6 hxg6 19. Qd3 Nf8 20. Ng5 f6 21. Nf3 Qf7 22. Re1 g5 23. Bg3 Qg6 24. Qxg6 Nxg6 25. Re2 Kf7 26. Kf1 Nf8 27. h4 g4 28. Nh2 Ne6 29. Rd1 f5 30. f3 f4 31. Be1 g3 32. Ng4 Rh8 33. Bxb4 axb4 34. b3 Rxh4 35. Ke1 Kg6 36. Rd3 Kf5 37. Kd2 Rah8 38. Kc2 Rh1 39. Kb2 Rg1 40. Red2 Rh2 0-1

[Event "Pardubice Czech op"]
[White "Bykhovsky, Anatoly A"]
[Black "Ganguly, Surya Shekhar"]
[Site "Pardubice"]
[Round "1"]
[Result "0-1"]
[Date "2002.07.19"]
[WhiteElo "2271"]
[BlackElo "2524"]
[PlyCount "46"]
[EventDate "2002.07.19"]
[EventType "swiss"]
[EventRounds "9"]
[EventCountry "CZE"]
[SourceTitle "CBM 089 Extra"]
[Source "ChessBase"]
[SourceDate "2002.09.10"]
[SourceVersion "2"]
[SourceVersionDate "2002.09.10"]
[SourceQuality "1"]

1. d4 d5 2. c4 dxc4 3. Nf3 Nf6 4. e3 e6 5. Bxc4 c5 6. 0-0 a6 7. Bb3 cxd4 8. exd4 Nc6 9. Nc3 Be7 10. Bg5 0-0 11. a3 b5 12. Qd3 Bb7 13. Rad1 b4 14. Na4 bxa3 15. bxa3 Na5 16. Ba2 Be4 17. Qe2 Bd5 18. Rfe1 Bxa3 19. Bxf6 Qxf6 20. Bxd5 exd5 21. Qa2 Bb4 22. Re5 Rad8 23. Rxd5 Qe6 0-1

[Event "Reykjavik op 19th"]
[White "Bykhovsky, Anatoly A"]
[Black "Hillarp Persson, Tiger"]
[Site "Reykjavik"]
[Round "8"]
[Result "0-1"]
[Date "2000.04.12"]
[WhiteElo "2409"]
[BlackElo "2548"]
[PlyCount "98"]
[EventDate "2000.04.05"]
[EventType "swiss"]
[EventRounds "9"]
[EventCountry "ISL"]
[SourceTitle "CBM 075 Extra"]
[Source "ChessBase"]
[SourceDate "2000.05.11"]
[SourceVersion "2"]
[SourceVersionDate "2000.05.11"]
[SourceQuality "1"]

1. e4 g6 2. d4 Bg7 3. Nc3 d6 4. Nf3 a6 5. a4 b6 6. Bc4 e6 7. Bg5 Ne7 8. Qd2 h6 9. Be3 Nd7 10. 0-0 Nf6 11. h3 Bb7 12. d5 e5 13. Nh2 g5 14. Be2 Ng6 15. Ng4 h5 16. Nxf6+ Bxf6 17. Qd1 Nf4 18. Bxf4 gxf4 19. Bxh5 Ke7 20. Bg4 Qg8 21. Nb1 Qg6 22. Bf5 Qg5 23. Kh1 Rag8 24. Qf3 Bxd5 25. c4 Bb7 26. Nd2 Qxf5 27. exf5 Bxf3 28. Nxf3 a5 29. Nd2 Rg5 30. b4 axb4 31. a5 bxa5 32. Rxa5 Rxf5 33. Rb5 Rfh5 34. Rxb4 Kd7 35. Ra1 f3 36. Ra7 fxg2+ 37. Kxg2 Rxh3 38. c5 Rh2+ 39. Kg1 Rh1+ 40. Kg2 R1h2+ 41. Kg1 Rh1+ 42. Kg2 R8h2+ 43. Kf3 Bh4 44. Ne4 f5 45. cxd6 fxe4+ 46. Kxe4 Bxf2 47. Rxc7+ Kxd6 48. Rbb7 Rh4+ 49. Kd3 Bb6 0-1

[Event "Ubeda op 5th"]
[White "Bykhovsky, Anatoly A"]
[Black "Anastasian, Ashot"]
[Site "Ubeda"]
[Round "6"]
[Result "0-1"]
[Date "2000.01.24"]
[WhiteElo "2398"]
[BlackElo "2606"]
[PlyCount "114"]
[EventDate "2000.01.19"]
[EventType "swiss"]
[EventRounds "10"]
[EventCountry "ESP"]
[SourceTitle "CBM 075"]
[Source "ChessBase"]
[SourceDate "2000.04.05"]
[SourceVersion "1"]
[SourceVersionDate "2000.04.05"]
[SourceQuality "1"]

1. e4 c5 2. Nf3 d6 3. d4 cxd4 4. Nxd4 Nf6 5. Nc3 a6 6. g3 e5 7. Nb3 Be7 8. Bg2 0-0 9. a4 Bg4 10. Qd3 Nc6 11. Be3 Rc8 12. 0-0 Be6 13. Rfd1 Ng4 14. Rac1 Nb4 15. Qd2 Nxe3 16. fxe3 Bg5 17. Re1 h5 18. Nb1 Na2 19. Rcd1 Bg4 20. a5 Bxd1 21. Rxd1 b6 22. Na3 bxa5 23. Nxa5 Bxe3+ 24. Qxe3 Qxa5 25. Bf1 Nc3 26. Rxd6 Nb5 27. Rd5 Qa4 28. Nxb5 axb5 29. c3 b4 30. Rxe5 bxc3 31. bxc3 Rfe8 32. Rxh5 Qxe4 33. Qxe4 Rxe4 34. c4 Ra8 35. Rf5 Ra1 36. Kf2 Ra2+ 37. Kg1 Rd4 38. Rf2 Rdd2 39. Rxd2 Rxd2 40. Bg2 Rc2 41. Bd5 Kf8 42. h4 Ke7 43. Kf1 f6 44. Kg1 Kd6 45. Kf1 Ke5 46. Kg1 Kf5 47. Bf3 Rxc4 48. Kf2 Rc3 49. Kg2 Ke5 50. Kf2 f5 51. Kg2 Ra3 52. Bc6 Rc3 53. Be8 f4 54. gxf4+ Kxf4 55. Bd7 Rc7 56. Be6 Rc6 57. Bd7 Rh6 0-1

[Event "Ubeda op 5th"]
[White "Yagupov, Igor"]
[Black "Bykhovsky, Anatoly A"]
[Site "Ubeda"]
[Round "5"]
[Result "1-0"]
[Date "2000.01.23"]
[WhiteElo "2482"]
[BlackElo "2398"]
[PlyCount "81"]
[EventDate "2000.01.19"]
[EventType "swiss"]
[EventRounds "10"]
[EventCountry "ESP"]
[SourceTitle "CBM 075"]
[Source "ChessBase"]
[SourceDate "2000.04.05"]
[SourceVersion "1"]
[SourceVersionDate "2000.04.05"]
[SourceQuality "1"]

1. e4 e5 2. Nf3 Nc6 3. Bb5 a6 4. Ba4 Nf6 5. 0-0 Be7 6. Re1 b5 7. Bb3 d6 8. c3 0-0 9. h3 Nd7 10. d4 Bf6 11. a4 Bb7 12. d5 Ne7 13. axb5 axb5 14. Rxa8 Qxa8 15. Na3 Ba6 16. Be3 Nc5 17. Bc2 Rb8 18. b4 Nd7 19. Qd3 c6 20. dxc6 Qxc6 21. Rd1 Nc8 22. Bb3 Ndb6 23. Bg5 Bxg5 24. Nxe5 Qc7 25. Nxf7 Bf6 26. Nxb5 Bxb5 27. Qxb5 Kf8 28. Qf5 Qxc3 29. Qe6 d5 30. Nd6 Nxd6 31. Qxd6+ Kf7 32. Bxd5+ Nxd5 33. Qxb8 Nxb4 34. Qf4 Qc4 35. Qf3 Nc6 36. Qh5+ Ke7 37. Qxh7 Qe2 38. Rb1 Bd4 39. Qf5 Ne5 40. Rb7+ Kd6 41. Qf8+ 1-0

[Event "Ubeda op 5th"]
[White "Barsov, Alexei"]
[Black "Bykhovsky, Anatoly A"]
[Site "Ubeda"]
[Round "3"]
[Result "1/2-1/2"]
[Date "2000.01.21"]
[WhiteElo "2521"]
[BlackElo "2398"]
[PlyCount "60"]
[EventDate "2000.01.19"]
[EventType "swiss"]
[EventRounds "10"]
[EventCountry "ESP"]
[SourceTitle "CBM 075"]
[Source "ChessBase"]
[SourceDate "2000.04.05"]
[SourceVersion "1"]
[SourceVersionDate "2000.04.05"]
[SourceQuality "1"]

1. d4 d5 2. c4 e6 3. Nc3 c6 4. Nf3 dxc4 5. Bg5 Qc7 6. g3 Nf6 7. Bxf6 gxf6 8. Bg2 Nd7 9. Nd2 Nb6 10. a4 a5 11. e3 e5 12. 0-0 Be6 13. Qh5 0-0-0 14. Nf3 Bg7 15. dxe5 fxe5 16. Ng5 Kb8 17. Nxe6 fxe6 18. Ne4 Qe7 19. Rfc1 Rd3 20. Rc3 Rxc3 21. bxc3 h6 22. Bh3 Rd8 23. Qg6 Nd7 24. Bxe6 Nb6 25. h4 Ka7 26. h5 Qf8 27. Kg2 Nd5 28. Bg4 Bh8 29. Rb1 Qg7 30. Qe6 Rf8 1/2-1/2

[Event "Biel MTO op"]
[White "Greenfeld, Alon"]
[Black "Bykhovsky, Anatoly A"]
[Site "Biel"]
[Round "7"]
[Result "1/2-1/2"]
[Date "1999.07.26"]
[WhiteElo "2538"]
[BlackElo "2398"]
[PlyCount "101"]
[EventDate "1999.07.??"]
[EventType "swiss"]
[EventRounds "11"]
[EventCountry "SUI"]
[SourceTitle "EXT 2000"]
[Source "ChessBase"]
[SourceDate "1999.11.16"]
[SourceVersion "1"]
[SourceVersionDate "1999.11.16"]
[SourceQuality "1"]

1. d4 d5 2. c4 e6 3. Nc3 c6 4. Nf3 dxc4 5. a4 Bb4 6. Bd2 c5 7. dxc5 Nf6 8. e3 Nc6 9. Bxc4 0-0 10. 0-0 Bxc5 11. Qc2 b6 12. Ne4 Bb7 13. Nxc5 bxc5 14. Be2 Rc8 15. a5 Nb4 16. Bxb4 cxb4 17. Qa4 Qe7 18. a6 Bd5 19. Rac1 Ne4 20. Rfd1 g6 21. h3 Rfd8 22. Rc2 Rxc2 23. Qxc2 b3 24. Qd3 Rc8 25. Qd4 Nd6 26. Bd3 Nf5 27. Qf4 Qd6 28. Qxd6 Nxd6 29. Nd2 e5 30. f3 Kf8 31. Ra1 Ke7 32. Kf2 Be6 33. e4 f6 34. Ra3 Rb8 35. Ke3 Kd7 36. g3 g5 37. h4 h5 38. Ra5 gxh4 39. gxh4 Rg8 40. Rc5 Rb8 41. Nf1 Bf7 42. Ng3 Rg8 43. Kf2 Rb8 44. Bf1 Rb4 45. Bh3+ Kd8 46. Rc6 Rd4 47. Ke1 Be8 48. Rc3 Ra4 49. Rxb3 Rxa6 50. Nf5 Nxf5 51. Bxf5 1/2-1/2

[Event "Biel MTO op"]
[White "Mohd, A Altaher"]
[Black "Bykhovsky, Anatoly A"]
[Site "Biel"]
[Round "1"]
[Result "1/2-1/2"]
[Date "1999.07.20"]
[WhiteElo "2164"]
[BlackElo "2398"]
[PlyCount "52"]
[EventDate "1999.07.??"]
[EventType "swiss"]
[EventRounds "11"]
[EventCountry "SUI"]
[SourceTitle "EXT 2000"]
[Source "ChessBase"]
[SourceDate "1999.11.16"]
[SourceVersion "1"]
[SourceVersionDate "1999.11.16"]
[SourceQuality "1"]

1. e4 e5 2. Nf3 Nc6 3. Bc4 Bc5 4. 0-0 d6 5. c3 Bg4 6. d3 Nf6 7. Nbd2 a6 8. Bb3 0-0 9. a4 d5 10. exd5 Nxd5 11. Ne4 Be7 12. h3 Bc8 13. d4 exd4 14. Nxd4 Nxd4 15. Qxd4 Be6 16. Bd2 c6 17. Rae1 Qc7 18. Ng5 Bxg5 19. Bxg5 Rfe8 20. Qh4 h6 21. Bc1 Bf5 22. Bxd5 cxd5 23. Qf4 Qxf4 24. Bxf4 Rxe1 25. Rxe1 Be6 26. a5 Rc8 1/2-1/2

[Event "Bled Seniors op"]
[White "Marjanovic, Slavko"]
[Black "Bykhovsky, Anatoly A"]
[Site "Bled"]
[Round "?"]
[Result "0-1"]
[Date "1999.??.??"]
[WhiteElo "2038"]
[BlackElo "2415"]
[PlyCount "48"]
[EventDate "1999.??.??"]
[EventType "swiss"]
[EventRounds "9"]
[EventCountry "SLO"]
[SourceTitle "EXT 2000"]
[Source "ChessBase"]
[SourceDate "1999.11.16"]
[SourceVersion "1"]
[SourceVersionDate "1999.11.16"]
[SourceQuality "1"]

1. d4 d5 2. c4 e6 3. g3 dxc4 4. Nf3 c5 5. Qa4+ Nc6 6. dxc5 Bxc5 7. Qxc4 Qb6 8. e3 e5 9. Ng5 Nh6 10. Bg2 Be7 11. h4 f6 12. Ne4 Nb4 13. Qe2 Bg4 14. f3 Be6 15. Nbc3 Rc8 16. Kf2 Bc4 17. Qd1 0-0 18. Bh3 f5 19. Ng5 Rfd8 20. Qg1 Bc5 21. Na4 Bxe3+ 22. Bxe3 Rd2+ 23. Ke1 Re2+ 24. Kd1 Qd8+ 0-1

[Event "RUS-ch"]
[White "Bykhovsky, Anatoly A"]
[Black "Doroshkievich, Vladimir K"]
[Site "Sochi"]
[Round "3"]
[Result "1/2-1/2"]
[Date "1998.??.??"]
[WhiteElo "2420"]
[BlackElo "2370"]
[PlyCount "52"]
[EventDate "1998.??.??"]
[EventType "swiss"]
[EventRounds "9"]
[EventCountry "RUS"]
[SourceTitle "EXT 2000"]
[Source "ChessBase"]
[SourceDate "1999.11.16"]
[SourceVersion "1"]
[SourceVersionDate "1999.11.16"]
[SourceQuality "1"]

1. e4 c5 2. Nf3 d6 3. d4 cxd4 4. Qxd4 Nc6 5. Bb5 Bd7 6. Bxc6 Bxc6 7. c4 f5 8. Nc3 fxe4 9. Ng5 e5 10. Qe3 Nf6 11. 0-0 Qc8 12. Re1 Be7 13. b3 Ng4 14. Qg3 Bxg5 15. Bxg5 Qf5 16. h3 Nf6 17. Bxf6 gxf6 18. Qg4 Qxg4 19. hxg4 Ke7 20. Nxe4 Rag8 21. f3 h5 22. gxh5 f5 23. Nd2 Rxh5 24. Kf2 Rh2 25. Rg1 Ke6 26. a4 a5 1/2-1/2

[Event "RUS-ch"]
[White "Bykhovsky, Anatoly A"]
[Black "Zvezdov, Nikolay S"]
[Site "Sochi"]
[Round "1"]
[Result "1-0"]
[Date "1998.??.??"]
[WhiteElo "2420"]
[BlackElo "2270"]
[PlyCount "53"]
[EventDate "1998.??.??"]
[EventType "swiss"]
[EventRounds "9"]
[EventCountry "RUS"]
[SourceTitle "EXT 2000"]
[Source "ChessBase"]
[SourceDate "1999.11.16"]
[SourceVersion "1"]
[SourceVersionDate "1999.11.16"]
[SourceQuality "1"]

1. e4 c6 2. d4 d5 3. Nc3 dxe4 4. Nxe4 Nd7 5. Bc4 Ngf6 6. Ng5 e6 7. Ne2 Bd6 8. 0-0 Nb6 9. Bd3 h6 10. Nf3 Qc7 11. c4 Nbd7 12. c5 Be7 13. Bf4 Qd8 14. Nc3 Nd5 15. Nxd5 exd5 16. Re1 0-0 17. Qd2 Re8 18. Bxh6 gxh6 19. Qxh6 Nf8 20. Re3 Be6 21. Ne5 Bh4 22. f4 f5 23. Rh3 Qf6 24. Qxh4 Qxh4 25. Rxh4 Kg7 26. Re1 Nh7 27. Re3 1-0

[Event "Agios Nikolaos op"]
[White "Wojtkiewicz, Aleksander"]
[Black "Bykhovsky, Anatoly A"]
[Site "Agios Nikolaos"]
[Round "?"]
[Result "1-0"]
[Date "1997.10.22"]
[WhiteElo "2575"]
[BlackElo "2415"]
[PlyCount "87"]
[EventDate "1997.10.22"]
[EventType "swiss"]
[EventRounds "9"]
[EventCountry "GRE"]
[SourceTitle "EXT 1999"]
[Source "ChessBase"]
[SourceDate "1998.11.16"]
[SourceVersion "1"]
[SourceVersionDate "1998.11.16"]
[SourceQuality "1"]

1. c4 e6 2. g3 d5 3. Bg2 Nf6 4. d4 Be7 5. Nf3 0-0 6. Qc2 dxc4 7. Nbd2 a6 8. Nxc4 Nc6 9. e3 Nb4 10. Qe2 b5 11. Nfe5 Nfd5 12. Na5 c5 13. Nac6 Nxc6 14. Nxc6 Qc7 15. Nxe7+ Qxe7 16. dxc5 Qxc5 17. Bd2 Qc2 18. Bb4 Qxe2+ 19. Kxe2 Re8 20. Ba5 Bb7 21. e4 Ne7 22. Rhd1 Rac8 23. Rac1 Rxc1 24. Rxc1 Rc8 25. Rd1 Kf8 26. Rd7 Bc6 27. Ra7 Ra8 28. Rc7 Rc8 29. Rxc8+ Nxc8 30. Bb4+ Ke8 31. Ke3 Nb6 32. b3 Nd7 33. Bh3 e5 34. f3 Kd8 35. Bf5 h6 36. h4 Ke8 37. h5 Bb7 38. Bd6 a5 39. Bc7 a4 40. Bd6 axb3 41. axb3 Bc6 42. Kd3 Kd8 43. Kc3 Kc8 44. Bxe5 1-0